[Event "Famalicao op 6th"]
[Site "Famalicao"]
[Date "2018.08.03"]
[Round "8"]
[White "Soares, Sara Joana de Moura"]
[Black "Azevedo, Carlos Filipe Salva"]
[Result "0-1"]
[WhiteElo "1427"]
[BlackElo "1281"]
[PlyCount "118"]
[EventDate "2018.07.29"]
[EventType "swiss"]
[EventRounds "9"]
[EventCountry "POR"]
[SourceTitle "CBM 185 Extra"]
[Source "ChessBase"]
[SourceDate "2018.07.29"]
[SourceVersion "1"]
[SourceVersionDate "2018.07.29"]
[SourceQuality "1"]

1. e4 e5 2. Nf3 Nc6 3. Bc4 Bc5 4. c3 d6 5. d4 exd4 6. cxd4 Bb6 7. Nc3 Nf6 8. 0-0 0-0 9. Bg5 Re8 10. Re1 Bg4 11. Nd5 Bxf3 12. gxf3 Bxd4 13. Rb1 h6 14. Bh4 g5 15. Nxf6+ Qxf6 16. Bg3 Be5 17. Kg2 a6 18. Bd5 h5 19. Bxc6 bxc6 20. Bxe5 Qxe5 21. Kh1 f5 22. f4 gxf4 23. Qxh5 fxe4 24. Rg1+ Kf8 25. Qh6+ Ke7 26. Rg7+ Kd8 27. Qh7 Ra7 28. Qh4+ Kc8 29. Qg4+ Kb8 30. a4 e3 31. Re1 exf2 32. Rf1 Qxb2 33. Rg8 Rxg8 34. Qxg8+ Kb7 35. Qg6 Qh8 36. Qe4 Qe5 37. Qg6 Qd5+ 38. Qg2 Ra8 39. Qxd5 cxd5 40. Kg2 f3+ 41. Kxf3 Rf8+ 42. Ke2 Kc8 43. Rxf2 Rxf2+ 44. Kxf2 Kd7 45. Ke3 Ke6 46. Kf4 Kf6 47. a5 c5 48. h3 d4 49. h4 c4 50. Ke4 c3 51. Kxd4 c2 52. Kd5 c1Q 53. Kxd6 Qd2+ 54. Kc6 Ke6 55. Kb6 Qd6+ 56. Ka7 Kd7 57. h5 Kc7 58. h6 Qc5+ 59. Kxa6 Qc6+ 0-1

[Event "Famalicao op 5th"]
[Site "Famalicao"]
[Date "2017.08.03"]
[Round "7"]
[White "Azevedo, Carlos Filipe Salva"]
[Black "Rodrigues, Jose Pedro Da Costa"]
[Result "1/2-1/2"]
[WhiteElo "1293"]
[BlackElo "1516"]
[PlyCount "54"]
[EventDate "2017.07.29"]
[EventType "swiss"]
[EventRounds "9"]
[EventCountry "POR"]
[SourceTitle "EXT 2018"]
[Source "ChessBase"]
[SourceDate "2017.10.13"]
[SourceVersion "1"]
[SourceVersionDate "2017.10.13"]
[SourceQuality "1"]

1. e4 e6 2. d4 d5 3. Nc3 dxe4 4. Nxe4 Nf6 5. Nxf6+ Qxf6 6. Nf3 h6 7. c3 Bd6 8. g3 Bd7 9. Bg2 Bc6 10. 0-0 0-0 11. Re1 Nd7 12. Qe2 Bxf3 13. Qxf3 c6 14. Qxf6 Nxf6 15. f4 Rab8 16. Bf3 Rfc8 17. Be3 c5 18. dxc5 Bxc5 19. Rad1 Bxe3+ 20. Rxe3 Rd8 21. Red3 Rxd3 22. Rxd3 Kf8 23. Kf2 Ke7 24. Ke2 Nd7 25. b3 Nf6 26. c4 b6 27. Rd2 Rd8 1/2-1/2

[Event "Famalicao op 5th"]
[Site "Famalicao"]
[Date "2017.08.02"]
[Round "6"]
[White "Sampaio, Carlos Daniel Lemos"]
[Black "Azevedo, Carlos Filipe Salva"]
[Result "0-1"]
[WhiteElo "1196"]
[BlackElo "1293"]
[PlyCount "80"]
[EventDate "2017.07.29"]
[EventType "swiss"]
[EventRounds "9"]
[EventCountry "POR"]
[SourceTitle "EXT 2018"]
[Source "ChessBase"]
[SourceDate "2017.10.13"]
[SourceVersion "1"]
[SourceVersionDate "2017.10.13"]
[SourceQuality "1"]

1. e4 c5 2. Nf3 e6 3. Nc3 Qc7 4. Bc4 Nc6 5. d3 Be7 6. 0-0 Nf6 7. Bg5 0-0 8. Bb5 d6 9. Re1 a6 10. Bxc6 Qxc6 11. e5 dxe5 12. Nxe5 Qc7 13. Ng4 Nxg4 14. Qxg4 Bxg5 15. Qxg5 b6 16. f3 Bb7 17. Ne4 Bxe4 18. Rxe4 f6 19. Qh5 Rfe8 20. Rg4 Rad8 21. Rh4 g6 22. Qh6 b5 23. Re1 Rd7 24. Rf4 f5 25. g4 e5 26. Rxe5 Rxe5 27. gxf5 gxf5 28. Kf2 Rd6 29. Qh5 Qf7 30. Qg5+ Qg6 31. Qh4 h6 32. Qh3 Qg5 33. Rh4 Qd2+ 34. Kg3 Rg6+ 35. Rg4 fxg4 36. fxg4 Re3+ 37. Kh4 Rxh3+ 38. Kxh3 Qe2 39. g5 Rxg5 40. d4 Qh5# 0-1

[Event "POR-ch U14"]
[Site "Braga"]
[Date "2013.08.03"]
[Round "2.19"]
[White "Azevedo, Carlos Filipe Salva"]
[Black "Gomes, Tiago"]
[Result "1-0"]
[WhiteElo "1230"]
[BlackElo "1171"]
[PlyCount "60"]
[EventDate "2013.08.02"]
[EventType "swiss"]
[EventRounds "7"]
[EventCountry "POR"]
[SourceTitle "EXT 2015"]
[Source "ChessBase"]
[SourceDate "2014.11.20"]
[SourceVersion "1"]
[SourceVersionDate "2014.11.20"]
[SourceQuality "1"]

1. e4 e5 2. Nf3 Nc6 3. Bb5 Nf6 4. 0-0 Nxe4 5. Re1 Ng5 6. Bxc6 bxc6 7. Nxe5 Be7 8. d3 0-0 9. Bxg5 Bxg5 10. Nf3 Re8 11. Nxg5 h6 12. Rxe8+ Qxe8 13. Nf3 Bb7 14. Nc3 c5 15. Nb5 Qb8 16. b3 Bc6 17. Nc3 Qb7 18. h3 Qb4 19. Ne4 Bxe4 20. dxe4 Qxe4 21. Qxd7 Qf4 22. Qc6 Rc8 23. Qxc5 Rd8 24. Qe3 Qf6 25. Qe5 Qc6 26. c4 Re8 27. Qd5 Qf6 28. Rd1 c6 29. Qd7 Qe7 30. Qxe7 Rxe7 1-0

[Event "POR-ch U14"]
[Site "Braga"]
[Date "2013.08.02"]
[Round "1.5"]
[White "Paiva, Henrique MA Alberg"]
[Black "Azevedo, Carlos Filipe Salva"]
[Result "1-0"]
[WhiteElo "1633"]
[BlackElo "1230"]
[PlyCount "55"]
[EventDate "2013.08.02"]
[EventType "swiss"]
[EventRounds "7"]
[EventCountry "POR"]
[SourceTitle "EXT 2015"]
[Source "ChessBase"]
[SourceDate "2014.11.20"]
[SourceVersion "1"]
[SourceVersionDate "2014.11.20"]
[SourceQuality "1"]

1. e4 c5 2. Nf3 e6 3. d4 cxd4 4. Nxd4 a6 5. Be3 Qc7 6. Be2 d6 7. Nc3 b5 8. a3 Bb7 9. 0-0 Nf6 10. f3 Nbd7 11. a4 b4 12. Na2 e5 13. Nb3 d5 14. exd5 Bxd5 15. c3 Bxb3 16. Qxb3 Bc5 17. Bxc5 Qxc5+ 18. Kh1 a5 19. cxb4 axb4 20. Qxb4 Qxb4 21. Nxb4 Rb8 22. Bb5 0-0 23. Rfe1 Rfc8 24. Nc6 Rxc6 25. Bxc6 Rxb2 26. Bxd7 Nxd7 27. Rad1 Rb7 28. Rxe5 1-0